00437nam a2200157Ia 450000500170000000800410001704000190005804100120007708200170008910000180010624500560012426000580018030000160023865000140025485000110026820240429125236.0131103s9999 xx 000 0 und d aLoreto College aEnglish a371.33 bTUR aTurner, Peter aTelevision in the Service of a SchoolcPeter Turner aLondonbEducational Foundation for Visual Aidsc[19?] a91p.b ill. aEducation aLCBED